000 00274nam a22001217a 4500
008 181023b xxu||||| |||| 00| 0 eng d
041 _aeng
080 _a159.9
100 _a50
101 _aSOC
245 _aChallenges of Contemporary Realities
_cSen,A
942 _2udc
_cBK
999 _c50748
_d50748